| 000 | 01164nam a2200313 a 4500 | ||
|---|---|---|---|
| 001 | 000111824 | ||
| 003 | CHAP | ||
| 005 | 20220329144231.0 | ||
| 008 | 150921s2015 mx a fsm |||||||spa d | ||
| 010 | _a108285 | ||
| 011 | _a109257 | ||
| 040 | _cCHAP | ||
| 090 | _aTesis | ||
| 100 | 1 |
_aRamírez Omaña, Belem _9129789 |
|
| 245 | 1 | 0 |
_aSuplementación con vitamina "E" en borregas rambouillet dutante el terce tercio de gestación _h[En línea] _befecto sobre el peso al nacimiento de los corderos / _cpor Belem Ramírez Omaña. |
| 260 |
_aBermejillo, Dgo. : _bEl autor, _c2015. |
||
| 500 | _aPara ver el contenido del material haga clic en la liga | ||
| 502 | _aTesis (Ing. en Sistemas Pecuarios) -- Unidad Regional Universitaria de Zonas Áridas | ||
| 590 |
_aE5995AHE _b05 _c20150921 _lUCH01 _h1401 |
||
| 590 |
_aE5995AHE _b05 _c20150921 _lUCH01 _h1402 |
||
| 650 | 1 | 4 |
_aGanado lanar _xFecundidad. _945181 |
| 650 | 1 | 4 |
_aGanado lanar _xReproducción. _945220 |
| 650 | 1 | 4 |
_aGestación. _947801 |
| 650 | 1 | 4 |
_aVitaminas (E) _9120017 |
| 856 |
_aFinding aid _uhttp://10.13.5.2/tesis/sist111824.pdf _zTeclea aquí |
||
| 901 | _aBK | ||
| 942 | _cTESIS | ||
| 942 | _n0 | ||
| 999 |
_c108285 _d108285 |
||